| 000 | 00459nam a2200169 a 4500 | ||
|---|---|---|---|
| 001 | 2135 | ||
| 003 | CDMR | ||
| 005 | 20131024112004.0 | ||
| 008 | 130130s1980||||||||||||||||||||||||||||d | ||
| 020 | _a8450095506 | ||
| 040 |
_aCDMR _bcat _cCDMR |
||
| 100 | 1 |
_aBensoussan, David _91590 |
|
| 245 | 1 | 3 |
_aLa modulación _b: principios y métodos |
| 260 |
_aMadrid _c1980 _bInstituto Oficial de Radio y Televisión |
||
| 650 | 0 | 4 |
_92384 _aRàdio _xTècnica |
| 942 |
_cMON _2udc |
||
| 999 |
_c2135 _d2135 |
||